000 00333nam a2200157Ia 4500
008 210210b1896 xxu||||| |||| 00| 0 eng d
041 _aeng
082 _a829/195
100 _aCORLLI (M)
245 _aMighty atom
260 _a
_b-
_c1896
650 _aMighty
650 _aatom
690 _aEnglish Fiction
906 _a016802
999 _c136498
_d136498